Overwatch Character Trivia Quiz - Statistics

General Stats
  • This quiz has been taken 584 times
  • The average score is 11 of 15
Answer Stats
Question Answer (Character) % Correct
Which character was raised on the Horizon Lunar colony? Winston
94%
Which character is a mother? Ana
93%
Which character dueled his brother and lost? Genji
93%
Which character is an elite sniper who works for Talon? Widowmaker
89%
Which character was the commander of Overwatch? Soldier 76
88%
Which character's home is Eichenwalde? Reinhardt
85%
Which character is the head mechanic for Overwatch? Torbjorn
84%
Which character was built by a child? Orisa
82%
Which character was a mentor to Genji? Zenyatta
81%
Which character crashed the "Slipstream" plane? Tracer
78%
Which character is the leader of Talon? Doomfist
76%
Which character works for the Vishkar Organization? Symmetra
71%
Which character was purchased for a certain skill? Sombra
43%
Which character hired a bodyguard to protect them? Junkrat
35%
Which character stole their weapon in order to obtain it? Lucio
34%
No matching quizzes found
Score Distribution
Percent of People with Each Score
Percentile by Number Answered
Your Score History
You have not taken this quiz